<?xml version="1.0" encoding="UTF-8"?>
<collection xmlns="http://www.loc.gov/MARC21/slim">
 <record>
  <leader>16316nas a22017411  4500</leader>
  <controlfield tag="001">1/50135</controlfield>
  <controlfield tag="008">020904c19  9999gr brzp           g0gre d</controlfield>
  <datafield tag="035" ind1=" " ind2=" ">
   <subfield code="l">22907</subfield>
  </datafield>
  <datafield tag="040" ind1=" " ind2=" ">
   <subfield code="a">GR-PeUP</subfield>
  </datafield>
  <datafield tag="090" ind1=" " ind2=" ">
   <subfield code="a">Αλφαβητική σειρά</subfield>
  </datafield>
  <datafield tag="245" ind1="0" ind2="0">
   <subfield code="a">Βιοτεχνικά θέματα :</subfield>
   <subfield code="b">διμηνιαίο δελτίο Βιοτεχνικού Επιμελητηρίου Αθήνας</subfield>
  </datafield>
  <datafield tag="260" ind1=" " ind2=" ">
   <subfield code="a">Αθήνα :</subfield>
   <subfield code="b">ΒΕΑ,</subfield>
   <subfield code="c">[19--]-</subfield>
  </datafield>
  <datafield tag="300" ind1=" " ind2=" ">
   <subfield code="a">τ. ;</subfield>
   <subfield code="c">29 εκ.</subfield>
  </datafield>
  <datafield tag="310" ind1=" " ind2=" ">
   <subfield code="a">Διμηνιαίο</subfield>
  </datafield>
  <datafield tag="362" ind1="0" ind2=" ">
   <subfield code="a">Τχ. 125 (Μάρτ. 1998) - τχ. 189 (Δεκ. 2003)</subfield>
  </datafield>
  <datafield tag="362" ind1="0" ind2=" ">
   <subfield code="a">Τχ. 190 (Ιαν. 2004)-</subfield>
  </datafield>
  <datafield tag="534" ind1=" " ind2=" ">
   <subfield code="a">Κλειστό Βιβλιοστάσιο.</subfield>
  </datafield>
  <datafield tag="546" ind1=" " ind2=" ">
   <subfield code="a">Ελληνική</subfield>
  </datafield>
  <datafield tag="650" ind1=" " ind2="4">
   <subfield code="a">Οικονομική</subfield>
   <subfield code="v">Περιοδικά.</subfield>
  </datafield>
  <datafield tag="650" ind1=" " ind2="4">
   <subfield code="a">Βιοτεχνολογία</subfield>
   <subfield code="v">Περιοδικά.</subfield>
  </datafield>
  <datafield tag="710" ind1="2" ind2=" ">
   <subfield code="a">Βιοτεχνολογικό Επιμελητήριο Αθήνας.</subfield>
  </datafield>
  <datafield tag="852" ind1=" " ind2=" ">
   <subfield code="a">INST</subfield>
   <subfield code="b">UNIPILB</subfield>
   <subfield code="c">SERIALS</subfield>
   <subfield code="e">20041202</subfield>
   <subfield code="h">Αλφαβητική σειρά</subfield>
   <subfield code="p">38157</subfield>
   <subfield code="q">38157</subfield>
   <subfield code="t">NOLOAN</subfield>
   <subfield code="v">τεύχ.190:(Μήνας)Ιανουάριος;(Έτος)2004</subfield>
   <subfield code="y">23</subfield>
  </datafield>
  <datafield tag="852" ind1=" " ind2=" ">
   <subfield code="a">INST</subfield>
   <subfield code="b">UNIPILB</subfield>
   <subfield code="c">SERIALS</subfield>
   <subfield code="e">20041202</subfield>
   <subfield code="h">Αλφαβητική σειρά</subfield>
   <subfield code="p">38158</subfield>
   <subfield code="q">38158</subfield>
   <subfield code="t">NOLOAN</subfield>
   <subfield code="v">τεύχ.191:(Μήνας)Φεβρουάριος;(Έτος)2004</subfield>
   <subfield code="y">23</subfield>
  </datafield>
  <datafield tag="852" ind1=" " ind2=" ">
   <subfield code="a">INST</subfield>
   <subfield code="b">UNIPILB</subfield>
   <subfield code="c">SERIALS</subfield>
   <subfield code="e">20041202</subfield>
   <subfield code="h">Αλφαβητική σειρά</subfield>
   <subfield code="p">38159</subfield>
   <subfield code="q">38159</subfield>
   <subfield code="t">NOLOAN</subfield>
   <subfield code="v">τεύχ.192:(Μήνας)Μάρτιος;(Έτος)2004</subfield>
   <subfield code="y">23</subfield>
  </datafield>
  <datafield tag="852" ind1=" " ind2=" ">
   <subfield code="a">INST</subfield>
   <subfield code="b">UNIPILB</subfield>
   <subfield code="c">SERIALS</subfield>
   <subfield code="e">20041202</subfield>
   <subfield code="h">Αλφαβητική σειρά</subfield>
   <subfield code="p">38160</subfield>
   <subfield code="q">38160</subfield>
   <subfield code="t">NOLOAN</subfield>
   <subfield code="v">τεύχ.193:(Μήνας)Απρίλιος;(Έτος)2004</subfield>
   <subfield code="y">23</subfield>
  </datafield>
  <datafield tag="852" ind1=" " ind2=" ">
   <subfield code="a">INST</subfield>
   <subfield code="b">UNIPILB</subfield>
   <subfield code="c">SERIALS</subfield>
   <subfield code="e">20041202</subfield>
   <subfield code="h">Αλφαβητική σειρά</subfield>
   <subfield code="p">38161</subfield>
   <subfield code="q">38161</subfield>
   <subfield code="t">NOLOAN</subfield>
   <subfield code="v">τεύχ.194:(Μήνας)Μάιος;(Έτος)2004</subfield>
   <subfield code="y">23</subfield>
  </datafield>
  <datafield tag="852" ind1=" " ind2=" ">
   <subfield code="a">INST</subfield>
   <subfield code="b">UNIPILB</subfield>
   <subfield code="c">SERIALS</subfield>
   <subfield code="e">20041202</subfield>
   <subfield code="h">Αλφαβητική σειρά</subfield>
   <subfield code="p">38162</subfield>
   <subfield code="q">38162</subfield>
   <subfield code="t">NOLOAN</subfield>
   <subfield code="v">τεύχ.195:(Μήνας)Ιούνιος;(Έτος)2004</subfield>
   <subfield code="y">23</subfield>
  </datafield>
  <datafield tag="852" ind1=" " ind2=" ">
   <subfield code="a">INST</subfield>
   <subfield code="b">UNIPILB</subfield>
   <subfield code="c">SERIALS</subfield>
   <subfield code="e">20041202</subfield>
   <subfield code="h">Αλφαβητική σειρά</subfield>
   <subfield code="p">38163</subfield>
   <subfield code="q">38163</subfield>
   <subfield code="t">NOLOAN</subfield>
   <subfield code="v">τεύχ.196:(Μήνες)Ιούλ./Αύγ.;(Έτος)2004</subfield>
   <subfield code="y">23</subfield>
  </datafield>
  <datafield tag="852" ind1=" " ind2=" ">
   <subfield code="a">INST</subfield>
   <subfield code="b">UNIPILB</subfield>
   <subfield code="c">SERIALS</subfield>
   <subfield code="e">20041202</subfield>
   <subfield code="h">Αλφαβητική σειρά</subfield>
   <subfield code="p">38164</subfield>
   <subfield code="q">38164</subfield>
   <subfield code="t">NOLOAN</subfield>
   <subfield code="v">τεύχ.197:(Μήνας)Σεπτέμβριος;(Έτος)2004</subfield>
   <subfield code="y">23</subfield>
  </datafield>
  <datafield tag="852" ind1=" " ind2=" ">
   <subfield code="a">INST</subfield>
   <subfield code="b">UNIPILB</subfield>
   <subfield code="c">SERIALS</subfield>
   <subfield code="e">20041202</subfield>
   <subfield code="h">Αλφαβητική σειρά</subfield>
   <subfield code="p">38165</subfield>
   <subfield code="q">38165</subfield>
   <subfield code="t">NOLOAN</subfield>
   <subfield code="v">τεύχ.198:(Μήνας)Οκτώβριος;(Έτος)2004</subfield>
   <subfield code="y">23</subfield>
  </datafield>
  <datafield tag="852" ind1=" " ind2=" ">
   <subfield code="a">INST</subfield>
   <subfield code="b">UNIPILB</subfield>
   <subfield code="c">SERIALS</subfield>
   <subfield code="e">20041202</subfield>
   <subfield code="h">Αλφαβητική σειρά</subfield>
   <subfield code="p">38166</subfield>
   <subfield code="q">38166</subfield>
   <subfield code="t">NOLOAN</subfield>
   <subfield code="v">τεύχ.199:(Μήνας)Νοέμβριος;(Έτος)2004</subfield>
   <subfield code="y">23</subfield>
  </datafield>
  <datafield tag="852" ind1=" " ind2=" ">
   <subfield code="a">INST</subfield>
   <subfield code="b">UNIPILB</subfield>
   <subfield code="c">SERIALS</subfield>
   <subfield code="e">20050111</subfield>
   <subfield code="h">Αλφαβητική σειρά</subfield>
   <subfield code="p">38701</subfield>
   <subfield code="q">38701</subfield>
   <subfield code="t">NOLOAN</subfield>
   <subfield code="v">τεύχ.200:(Μήνας)Δεκέμβριος;(Έτος)2004</subfield>
   <subfield code="y">23</subfield>
  </datafield>
  <datafield tag="852" ind1=" " ind2=" ">
   <subfield code="a">INST</subfield>
   <subfield code="b">UNIPILB</subfield>
   <subfield code="c">SERIALS</subfield>
   <subfield code="e">20050128</subfield>
   <subfield code="h">Αλφαβητική σειρά</subfield>
   <subfield code="p">39396</subfield>
   <subfield code="q">39396</subfield>
   <subfield code="t">NOLOAN</subfield>
   <subfield code="v">τεύχ.201:(Μήνας)Ιανουάριος;(Έτος)2005</subfield>
   <subfield code="y">23</subfield>
  </datafield>
  <datafield tag="852" ind1=" " ind2=" ">
   <subfield code="a">INST</subfield>
   <subfield code="b">UNIPILB</subfield>
   <subfield code="c">SERIALS</subfield>
   <subfield code="e">20050310</subfield>
   <subfield code="h">Αλφαβητική σειρά</subfield>
   <subfield code="p">41038</subfield>
   <subfield code="q">41038</subfield>
   <subfield code="t">NOLOAN</subfield>
   <subfield code="v">τεύχ.202:(Μήνας)Φεβρουάριος;(Έτος)2005</subfield>
   <subfield code="y">23</subfield>
  </datafield>
  <datafield tag="852" ind1=" " ind2=" ">
   <subfield code="a">INST</subfield>
   <subfield code="b">UNIPILB</subfield>
   <subfield code="c">SERIALS</subfield>
   <subfield code="e">20050406</subfield>
   <subfield code="h">Αλφαβητική σειρά</subfield>
   <subfield code="p">42186</subfield>
   <subfield code="q">42186</subfield>
   <subfield code="t">NOLOAN</subfield>
   <subfield code="v">τεύχ.203:(Μήνας)Μάρτιος;(Έτος)2005</subfield>
   <subfield code="y">23</subfield>
  </datafield>
  <datafield tag="852" ind1=" " ind2=" ">
   <subfield code="a">INST</subfield>
   <subfield code="b">UNIPILB</subfield>
   <subfield code="c">SERIALS</subfield>
   <subfield code="e">20050509</subfield>
   <subfield code="h">Αλφαβητική σειρά</subfield>
   <subfield code="p">42906</subfield>
   <subfield code="q">42906</subfield>
   <subfield code="t">NOLOAN</subfield>
   <subfield code="v">τεύχ.204:(Μήνας)Απρίλιος;(Έτος)2005</subfield>
   <subfield code="y">23</subfield>
  </datafield>
  <datafield tag="852" ind1=" " ind2=" ">
   <subfield code="a">INST</subfield>
   <subfield code="b">UNIPILB</subfield>
   <subfield code="c">SERIALS</subfield>
   <subfield code="e">20050607</subfield>
   <subfield code="h">Αλφαβητική σειρά</subfield>
   <subfield code="p">43729</subfield>
   <subfield code="q">43729</subfield>
   <subfield code="t">NOLOAN</subfield>
   <subfield code="v">τεύχ.205:(Μήνας)Μάιος;(Έτος)2005</subfield>
   <subfield code="y">23</subfield>
  </datafield>
  <datafield tag="852" ind1=" " ind2=" ">
   <subfield code="a">INST</subfield>
   <subfield code="b">UNIPILB</subfield>
   <subfield code="c">SERIALS</subfield>
   <subfield code="e">20050818</subfield>
   <subfield code="h">Αλφαβητική σειρά</subfield>
   <subfield code="p">45287</subfield>
   <subfield code="q">45287</subfield>
   <subfield code="t">NOLOAN</subfield>
   <subfield code="v">τεύχ.206:(Μήνας)Ιούνιος;(Έτος)2005</subfield>
   <subfield code="y">23</subfield>
  </datafield>
  <datafield tag="852" ind1=" " ind2=" ">
   <subfield code="a">INST</subfield>
   <subfield code="b">UNIPILB</subfield>
   <subfield code="c">SERIALS</subfield>
   <subfield code="e">20050818</subfield>
   <subfield code="h">Αλφαβητική σειρά</subfield>
   <subfield code="p">45291</subfield>
   <subfield code="q">45291</subfield>
   <subfield code="t">NOLOAN</subfield>
   <subfield code="v">τεύχ.207:(Μήνες)Ιούλ./Αύγ.;(Έτος)2005</subfield>
   <subfield code="y">23</subfield>
  </datafield>
  <datafield tag="852" ind1=" " ind2=" ">
   <subfield code="a">INST</subfield>
   <subfield code="b">UNIPILB</subfield>
   <subfield code="c">SERIALS</subfield>
   <subfield code="e">20051020</subfield>
   <subfield code="h">Αλφαβητική σειρά</subfield>
   <subfield code="p">47816</subfield>
   <subfield code="q">47816</subfield>
   <subfield code="t">NOLOAN</subfield>
   <subfield code="v">τεύχ.208:(Μήνας)Σεπτέμβριος;(Έτος)2005</subfield>
   <subfield code="y">23</subfield>
  </datafield>
  <datafield tag="852" ind1=" " ind2=" ">
   <subfield code="a">INST</subfield>
   <subfield code="b">UNIPILB</subfield>
   <subfield code="c">SERIALS</subfield>
   <subfield code="e">20051107</subfield>
   <subfield code="h">Αλφαβητική σειρά</subfield>
   <subfield code="p">48152</subfield>
   <subfield code="q">48152</subfield>
   <subfield code="t">NOLOAN</subfield>
   <subfield code="v">τεύχ.209:(Μήνας)Οκτώβριος;(Έτος)2005</subfield>
   <subfield code="y">23</subfield>
  </datafield>
  <datafield tag="852" ind1=" " ind2=" ">
   <subfield code="a">INST</subfield>
   <subfield code="b">UNIPILB</subfield>
   <subfield code="c">SERIALS</subfield>
   <subfield code="e">20051213</subfield>
   <subfield code="h">Αλφαβητική σειρά</subfield>
   <subfield code="p">49041</subfield>
   <subfield code="q">49041</subfield>
   <subfield code="t">NOLOAN</subfield>
   <subfield code="v">τεύχ.210:(Μήνας)Νοέμβριος;(Έτος)2005</subfield>
   <subfield code="y">23</subfield>
  </datafield>
  <datafield tag="852" ind1=" " ind2=" ">
   <subfield code="a">INST</subfield>
   <subfield code="b">UNIPILB</subfield>
   <subfield code="c">SERIALS</subfield>
   <subfield code="e">20060116</subfield>
   <subfield code="h">Αλφαβητική σειρά</subfield>
   <subfield code="p">49596</subfield>
   <subfield code="q">49596</subfield>
   <subfield code="t">NOLOAN</subfield>
   <subfield code="v">τεύχ.211:(Μήνας)Δεκέμβριος;(Έτος)2005</subfield>
   <subfield code="y">23</subfield>
  </datafield>
  <datafield tag="852" ind1=" " ind2=" ">
   <subfield code="a">INST</subfield>
   <subfield code="b">UNIPILB</subfield>
   <subfield code="c">SERIALS</subfield>
   <subfield code="e">20060216</subfield>
   <subfield code="h">Αλφαβητική σειρά</subfield>
   <subfield code="p">50448</subfield>
   <subfield code="q">50448</subfield>
   <subfield code="t">NOLOAN</subfield>
   <subfield code="v">τεύχ.212:(Μήνας)Ιανουάριος;(Έτος)2006</subfield>
   <subfield code="y">23</subfield>
  </datafield>
  <datafield tag="852" ind1=" " ind2=" ">
   <subfield code="a">INST</subfield>
   <subfield code="b">UNIPILB</subfield>
   <subfield code="c">SERIALS</subfield>
   <subfield code="e">20060329</subfield>
   <subfield code="h">Αλφαβητική σειρά</subfield>
   <subfield code="p">51024</subfield>
   <subfield code="q">51024</subfield>
   <subfield code="t">NOLOAN</subfield>
   <subfield code="v">τεύχ.213:(Μήνας)Φεβρουάριος;(Έτος)2006</subfield>
   <subfield code="y">23</subfield>
  </datafield>
  <datafield tag="852" ind1=" " ind2=" ">
   <subfield code="a">INST</subfield>
   <subfield code="b">UNIPILB</subfield>
   <subfield code="c">SERIALS</subfield>
   <subfield code="e">20060403</subfield>
   <subfield code="h">Αλφαβητική σειρά</subfield>
   <subfield code="p">51055</subfield>
   <subfield code="q">51055</subfield>
   <subfield code="t">NOLOAN</subfield>
   <subfield code="v">τεύχ.214:(Μήνας)Μάρτιος;(Έτος)2006</subfield>
   <subfield code="y">23</subfield>
  </datafield>
  <datafield tag="852" ind1=" " ind2=" ">
   <subfield code="a">INST</subfield>
   <subfield code="b">UNIPILB</subfield>
   <subfield code="c">SERIALS</subfield>
   <subfield code="e">20060515</subfield>
   <subfield code="h">Αλφαβητική σειρά</subfield>
   <subfield code="p">51433</subfield>
   <subfield code="q">51433</subfield>
   <subfield code="t">NOLOAN</subfield>
   <subfield code="v">τεύχ.215:(Μήνας)Απρίλιος;(Έτος)2006</subfield>
   <subfield code="y">23</subfield>
  </datafield>
  <datafield tag="852" ind1=" " ind2=" ">
   <subfield code="a">INST</subfield>
   <subfield code="b">UNIPILB</subfield>
   <subfield code="c">SERIALS</subfield>
   <subfield code="e">20060705</subfield>
   <subfield code="h">Αλφαβητική σειρά</subfield>
   <subfield code="p">51778</subfield>
   <subfield code="q">51778</subfield>
   <subfield code="t">NOLOAN</subfield>
   <subfield code="v">τεύχ.216:(Μήνας)Μάιος;(Έτος)2006</subfield>
   <subfield code="y">23</subfield>
  </datafield>
  <datafield tag="852" ind1=" " ind2=" ">
   <subfield code="a">INST</subfield>
   <subfield code="b">UNIPILB</subfield>
   <subfield code="c">SERIALS</subfield>
   <subfield code="e">20060810</subfield>
   <subfield code="h">Αλφαβητική σειρά</subfield>
   <subfield code="p">52273</subfield>
   <subfield code="q">52273</subfield>
   <subfield code="t">NOLOAN</subfield>
   <subfield code="v">τεύχ.217:(Μήνας)Ιούνιος;(Έτος)2006</subfield>
   <subfield code="y">23</subfield>
  </datafield>
  <datafield tag="852" ind1=" " ind2=" ">
   <subfield code="a">INST</subfield>
   <subfield code="b">UNIPILB</subfield>
   <subfield code="c">SERIALS</subfield>
   <subfield code="e">20060811</subfield>
   <subfield code="h">Αλφαβητική σειρά</subfield>
   <subfield code="p">52279</subfield>
   <subfield code="q">52279</subfield>
   <subfield code="t">NOLOAN</subfield>
   <subfield code="v">τεύχ.218:(Μήνες)Ιούλ./Αύγ.;(Έτος)2006</subfield>
   <subfield code="y">23</subfield>
  </datafield>
  <datafield tag="852" ind1=" " ind2=" ">
   <subfield code="a">INST</subfield>
   <subfield code="b">UNIPILB</subfield>
   <subfield code="c">SERIALS</subfield>
   <subfield code="e">20061005</subfield>
   <subfield code="h">Αλφαβητική σειρά</subfield>
   <subfield code="p">53014</subfield>
   <subfield code="q">53014</subfield>
   <subfield code="t">NOLOAN</subfield>
   <subfield code="v">τεύχ.219:(Μήνας)Σεπτέμβριος;(Έτος)2006</subfield>
   <subfield code="y">23</subfield>
  </datafield>
  <datafield tag="852" ind1=" " ind2=" ">
   <subfield code="a">INST</subfield>
   <subfield code="b">UNIPILB</subfield>
   <subfield code="c">SERIALS</subfield>
   <subfield code="e">20061204</subfield>
   <subfield code="h">Αλφαβητική σειρά</subfield>
   <subfield code="p">53868</subfield>
   <subfield code="q">53868</subfield>
   <subfield code="t">NOLOAN</subfield>
   <subfield code="v">τεύχ.220:(Μήνες)Οκτ./Νοέμ.;(Έτος)2006</subfield>
   <subfield code="y">23</subfield>
  </datafield>
  <datafield tag="852" ind1=" " ind2=" ">
   <subfield code="a">INST</subfield>
   <subfield code="b">UNIPILB</subfield>
   <subfield code="c">SERIALS</subfield>
   <subfield code="e">20070109</subfield>
   <subfield code="h">Αλφαβητική σειρά</subfield>
   <subfield code="p">54015</subfield>
   <subfield code="q">54015</subfield>
   <subfield code="t">NOLOAN</subfield>
   <subfield code="v">τεύχ.221:(Μήνας)Δεκέμβριος;(Έτος)2006</subfield>
   <subfield code="y">23</subfield>
  </datafield>
  <datafield tag="852" ind1=" " ind2=" ">
   <subfield code="a">INST</subfield>
   <subfield code="b">UNIPILB</subfield>
   <subfield code="c">SERIALS</subfield>
   <subfield code="e">20070315</subfield>
   <subfield code="h">Αλφαβητική σειρά</subfield>
   <subfield code="p">54974</subfield>
   <subfield code="q">54974</subfield>
   <subfield code="t">NOLOAN</subfield>
   <subfield code="v">τεύχ.222:(Μήνες)Ιαν./Φεβ.;(Έτος)2007</subfield>
   <subfield code="y">23</subfield>
  </datafield>
  <datafield tag="852" ind1=" " ind2=" ">
   <subfield code="a">INST</subfield>
   <subfield code="b">UNIPILB</subfield>
   <subfield code="c">SERIALS</subfield>
   <subfield code="e">20070612</subfield>
   <subfield code="h">Αλφαβητική σειρά</subfield>
   <subfield code="p">55946</subfield>
   <subfield code="q">55946</subfield>
   <subfield code="t">NOLOAN</subfield>
   <subfield code="v">τεύχ.223:(Μήνες)Μάρ./Απρ.;(Έτος)2007</subfield>
   <subfield code="y">23</subfield>
  </datafield>
  <datafield tag="852" ind1=" " ind2=" ">
   <subfield code="a">INST</subfield>
   <subfield code="b">UNIPILB</subfield>
   <subfield code="c">SERIALS</subfield>
   <subfield code="e">20070705</subfield>
   <subfield code="h">Αλφαβητική σειρά</subfield>
   <subfield code="p">56203</subfield>
   <subfield code="q">56203</subfield>
   <subfield code="t">NOLOAN</subfield>
   <subfield code="v">τεύχ.224:(Μήνες)Μάϊος/Ιούν.;(Έτος)2007</subfield>
   <subfield code="y">23</subfield>
  </datafield>
  <datafield tag="852" ind1=" " ind2=" ">
   <subfield code="a">INST</subfield>
   <subfield code="b">UNIPILB</subfield>
   <subfield code="c">SERIALS</subfield>
   <subfield code="e">20071126</subfield>
   <subfield code="h">Αλφαβητική σειρά</subfield>
   <subfield code="p">58546</subfield>
   <subfield code="q">58546</subfield>
   <subfield code="t">NOLOAN</subfield>
   <subfield code="v">τεύχ.226:(Μήνες)Σεπ./Οκτ.;(Έτος)2007</subfield>
   <subfield code="y">23</subfield>
  </datafield>
  <datafield tag="852" ind1=" " ind2=" ">
   <subfield code="a">INST</subfield>
   <subfield code="b">UNIPILB</subfield>
   <subfield code="c">SERIALS</subfield>
   <subfield code="e">20080111</subfield>
   <subfield code="h">Αλφαβητική σειρά</subfield>
   <subfield code="p">59414</subfield>
   <subfield code="q">59414</subfield>
   <subfield code="t">NOLOAN</subfield>
   <subfield code="v">τεύχ.227:(Μήνας)Δεκέμβριος;(Έτος)2007</subfield>
   <subfield code="y">23</subfield>
  </datafield>
  <datafield tag="852" ind1=" " ind2=" ">
   <subfield code="a">INST</subfield>
   <subfield code="b">UNIPILB</subfield>
   <subfield code="c">SERIALS</subfield>
   <subfield code="e">20080311</subfield>
   <subfield code="h">Αλφαβητική σειρά</subfield>
   <subfield code="p">60094</subfield>
   <subfield code="q">60094</subfield>
   <subfield code="t">NOLOAN</subfield>
   <subfield code="v">τεύχ.228:(Μήνες)Ιαν./Φεβ.;(Έτος)2008</subfield>
   <subfield code="y">23</subfield>
  </datafield>
  <datafield tag="852" ind1=" " ind2=" ">
   <subfield code="a">INST</subfield>
   <subfield code="b">UNIPILB</subfield>
   <subfield code="c">SERIALS</subfield>
   <subfield code="e">20080520</subfield>
   <subfield code="h">Αλφαβητική σειρά</subfield>
   <subfield code="p">60622</subfield>
   <subfield code="q">60622</subfield>
   <subfield code="t">NOLOAN</subfield>
   <subfield code="v">τεύχ.229:(Μήνες)Μάρ./Απρ.;(Έτος)2008</subfield>
   <subfield code="y">23</subfield>
  </datafield>
  <datafield tag="852" ind1=" " ind2=" ">
   <subfield code="a">INST</subfield>
   <subfield code="b">UNIPILB</subfield>
   <subfield code="c">SERIALS</subfield>
   <subfield code="e">20080624</subfield>
   <subfield code="h">Αλφαβητική σειρά</subfield>
   <subfield code="p">60834</subfield>
   <subfield code="q">60834</subfield>
   <subfield code="t">NOLOAN</subfield>
   <subfield code="v">τεύχ.230:(Μήνες)Μάϊος/Ιούν.;(Έτος)2008</subfield>
   <subfield code="y">23</subfield>
  </datafield>
  <datafield tag="852" ind1=" " ind2=" ">
   <subfield code="a">INST</subfield>
   <subfield code="b">UNIPILB</subfield>
   <subfield code="c">SERIALS</subfield>
   <subfield code="e">20080903</subfield>
   <subfield code="h">Αλφαβητική σειρά</subfield>
   <subfield code="p">61363</subfield>
   <subfield code="q">61363</subfield>
   <subfield code="t">NOLOAN</subfield>
   <subfield code="v">τεύχ.231:(Μήνες)Ιούλ./Αύγ.;(Έτος)2008</subfield>
   <subfield code="y">23</subfield>
  </datafield>
  <datafield tag="852" ind1=" " ind2=" ">
   <subfield code="a">INST</subfield>
   <subfield code="b">UNIPILB</subfield>
   <subfield code="c">SERIALS</subfield>
   <subfield code="e">20081029</subfield>
   <subfield code="h">Αλφαβητική σειρά</subfield>
   <subfield code="p">61857</subfield>
   <subfield code="q">61857</subfield>
   <subfield code="t">NOLOAN</subfield>
   <subfield code="v">τεύχ.232:(Μήνες)Σεπ./Οκτ.;(Έτος)2008</subfield>
   <subfield code="y">23</subfield>
  </datafield>
  <datafield tag="852" ind1=" " ind2=" ">
   <subfield code="a">INST</subfield>
   <subfield code="b">UNIPILB</subfield>
   <subfield code="c">SERIALS</subfield>
   <subfield code="e">20090313</subfield>
   <subfield code="h">Αλφαβητική σειρά</subfield>
   <subfield code="p">63494</subfield>
   <subfield code="q">63494</subfield>
   <subfield code="t">NOLOAN</subfield>
   <subfield code="v">τεύχ.234:(Μήνες)Ιαν./Φεβ.;(Έτος)2009</subfield>
   <subfield code="y">23</subfield>
  </datafield>
  <datafield tag="852" ind1=" " ind2=" ">
   <subfield code="a">INST</subfield>
   <subfield code="b">UNIPILB</subfield>
   <subfield code="c">SERIALS</subfield>
   <subfield code="e">20090512</subfield>
   <subfield code="h">Αλφαβητική σειρά</subfield>
   <subfield code="p">64050</subfield>
   <subfield code="q">64050</subfield>
   <subfield code="t">NOLOAN</subfield>
   <subfield code="v">τεύχ.235:(Μήνες)Μάρ./Απρ.;(Έτος)2009</subfield>
   <subfield code="y">23</subfield>
  </datafield>
  <datafield tag="852" ind1=" " ind2=" ">
   <subfield code="a">INST</subfield>
   <subfield code="b">UNIPILB</subfield>
   <subfield code="c">SERIALS</subfield>
   <subfield code="e">20090922</subfield>
   <subfield code="h">Αλφαβητική σειρά</subfield>
   <subfield code="p">64713</subfield>
   <subfield code="q">64713</subfield>
   <subfield code="t">NOLOAN</subfield>
   <subfield code="v">τεύχ.237:(Μήνες)Ιούλ./Αύγ.;(Έτος)2009</subfield>
   <subfield code="y">23</subfield>
  </datafield>
  <datafield tag="852" ind1=" " ind2=" ">
   <subfield code="a">INST</subfield>
   <subfield code="b">UNIPILB</subfield>
   <subfield code="c">SERIALS</subfield>
   <subfield code="e">20091204</subfield>
   <subfield code="h">Αλφαβητική σειρά</subfield>
   <subfield code="p">65655</subfield>
   <subfield code="q">65655</subfield>
   <subfield code="t">NOLOAN</subfield>
   <subfield code="v">τεύχ.238:(Μήνες)Σεπ./Οκτ.;(Έτος)2009</subfield>
   <subfield code="y">23</subfield>
  </datafield>
  <datafield tag="852" ind1=" " ind2=" ">
   <subfield code="a">INST</subfield>
   <subfield code="b">UNIPILB</subfield>
   <subfield code="c">SERIALS</subfield>
   <subfield code="e">20100118</subfield>
   <subfield code="h">Αλφαβητική σειρά</subfield>
   <subfield code="p">66293</subfield>
   <subfield code="q">66293</subfield>
   <subfield code="t">NOLOAN</subfield>
   <subfield code="v">τεύχ.239:(Μήνες)Νοέμ./Δεκ.;(Έτος)2009</subfield>
   <subfield code="y">23</subfield>
  </datafield>
  <datafield tag="852" ind1=" " ind2=" ">
   <subfield code="a">INST</subfield>
   <subfield code="b">UNIPILB</subfield>
   <subfield code="c">SERIALS</subfield>
   <subfield code="e">20100126</subfield>
   <subfield code="h">Αλφαβητική σειρά</subfield>
   <subfield code="p">66402</subfield>
   <subfield code="q">66402</subfield>
   <subfield code="t">NOLOAN</subfield>
   <subfield code="v">τεύχ.236:(Μήνες)Μάϊος/Ιούν.;(Έτος)2009</subfield>
   <subfield code="y">23</subfield>
  </datafield>
  <datafield tag="852" ind1=" " ind2=" ">
   <subfield code="a">INST</subfield>
   <subfield code="b">UNIPILB</subfield>
   <subfield code="c">SERIALS</subfield>
   <subfield code="e">20100720</subfield>
   <subfield code="h">Αλφαβητική σειρά</subfield>
   <subfield code="p">69570</subfield>
   <subfield code="q">69570</subfield>
   <subfield code="t">NOLOAN</subfield>
   <subfield code="v">τεύχ.239:(Μήνες)Μάϊος/Ιούν.;(Έτος)2009</subfield>
   <subfield code="y">23</subfield>
  </datafield>
  <datafield tag="852" ind1=" " ind2=" ">
   <subfield code="a">INST</subfield>
   <subfield code="b">UNIPILB</subfield>
   <subfield code="c">SERIALS</subfield>
   <subfield code="e">20100720</subfield>
   <subfield code="h">Αλφαβητική σειρά</subfield>
   <subfield code="p">69571</subfield>
   <subfield code="q">69571</subfield>
   <subfield code="t">NOLOAN</subfield>
   <subfield code="v">τεύχ.240:(Μήνες)Ιαν./Φεβ.;(Έτος)2010</subfield>
   <subfield code="y">23</subfield>
  </datafield>
  <datafield tag="852" ind1=" " ind2=" ">
   <subfield code="a">INST</subfield>
   <subfield code="b">UNIPILB</subfield>
   <subfield code="c">SERIALS</subfield>
   <subfield code="e">20100720</subfield>
   <subfield code="h">Αλφαβητική σειρά</subfield>
   <subfield code="p">69572</subfield>
   <subfield code="q">69572</subfield>
   <subfield code="t">NOLOAN</subfield>
   <subfield code="v">τεύχ.241:(Μήνες)Μάρ./Απρ.;(Έτος)2010</subfield>
   <subfield code="y">23</subfield>
  </datafield>
  <datafield tag="852" ind1=" " ind2=" ">
   <subfield code="a">INST</subfield>
   <subfield code="b">UNIPILB</subfield>
   <subfield code="c">SERIALS</subfield>
   <subfield code="e">20100720</subfield>
   <subfield code="h">Αλφαβητική σειρά</subfield>
   <subfield code="p">69573</subfield>
   <subfield code="q">69573</subfield>
   <subfield code="t">NOLOAN</subfield>
   <subfield code="v">τεύχ.242:(Μήνες)Μάϊος/Ιούν.;(Έτος)2010</subfield>
   <subfield code="y">23</subfield>
  </datafield>
  <datafield tag="852" ind1=" " ind2=" ">
   <subfield code="a">INST</subfield>
   <subfield code="b">UNIPILB</subfield>
   <subfield code="c">SERIALS</subfield>
   <subfield code="e">20100909</subfield>
   <subfield code="h">Αλφαβητική σειρά</subfield>
   <subfield code="p">69798</subfield>
   <subfield code="q">69798</subfield>
   <subfield code="t">NOLOAN</subfield>
   <subfield code="v">τεύχ.243:(Μήνες)Ιούλ./Αύγ.;(Έτος)2010</subfield>
   <subfield code="y">23</subfield>
  </datafield>
  <datafield tag="852" ind1=" " ind2=" ">
   <subfield code="a">INST</subfield>
   <subfield code="b">UNIPILB</subfield>
   <subfield code="c">SERIALS</subfield>
   <subfield code="e">20101126</subfield>
   <subfield code="h">Αλφαβητική σειρά</subfield>
   <subfield code="p">70669</subfield>
   <subfield code="q">70669</subfield>
   <subfield code="t">NOLOAN</subfield>
   <subfield code="v">τεύχ.244:(Μήνες)Σεπ./Οκτ.;(Έτος)2010</subfield>
   <subfield code="y">23</subfield>
  </datafield>
  <datafield tag="852" ind1=" " ind2=" ">
   <subfield code="a">INST</subfield>
   <subfield code="b">UNIPILB</subfield>
   <subfield code="c">SERIALS</subfield>
   <subfield code="e">20110111</subfield>
   <subfield code="h">Αλφαβητική σειρά</subfield>
   <subfield code="p">70765</subfield>
   <subfield code="q">70765</subfield>
   <subfield code="t">NOLOAN</subfield>
   <subfield code="v">τεύχ.245:(Μήνες)Νοέμ./Δεκ.;(Έτος)2010</subfield>
   <subfield code="y">23</subfield>
  </datafield>
  <datafield tag="852" ind1=" " ind2=" ">
   <subfield code="a">INST</subfield>
   <subfield code="b">UNIPILB</subfield>
   <subfield code="c">SERIALS</subfield>
   <subfield code="e">20110511</subfield>
   <subfield code="h">Αλφαβητική σειρά</subfield>
   <subfield code="p">71732</subfield>
   <subfield code="q">71732</subfield>
   <subfield code="t">NOLOAN</subfield>
   <subfield code="v">τεύχ.247:(Μήνες)Μάρ./Απρ.;(Έτος)2011</subfield>
   <subfield code="y">23</subfield>
  </datafield>
  <datafield tag="852" ind1=" " ind2=" ">
   <subfield code="a">INST</subfield>
   <subfield code="b">UNIPILB</subfield>
   <subfield code="c">SERIALS</subfield>
   <subfield code="e">20110715</subfield>
   <subfield code="h">Αλφαβητική σειρά</subfield>
   <subfield code="p">72296</subfield>
   <subfield code="q">72296</subfield>
   <subfield code="t">NOLOAN</subfield>
   <subfield code="v">τεύχ.248:(Μήνες)Μάϊος/Ιούν.;(Έτος)2011</subfield>
   <subfield code="y">23</subfield>
  </datafield>
  <datafield tag="852" ind1=" " ind2=" ">
   <subfield code="a">INST</subfield>
   <subfield code="b">UNIPILB</subfield>
   <subfield code="c">SERIALS</subfield>
   <subfield code="e">20110923</subfield>
   <subfield code="h">Αλφαβητική σειρά</subfield>
   <subfield code="p">72695</subfield>
   <subfield code="q">72695</subfield>
   <subfield code="t">NOLOAN</subfield>
   <subfield code="v">τεύχ.249:(Μήνες)Ιούλ./Αύγ.;(Έτος)2011</subfield>
   <subfield code="y">23</subfield>
  </datafield>
  <datafield tag="852" ind1=" " ind2=" ">
   <subfield code="a">INST</subfield>
   <subfield code="b">UNIPILB</subfield>
   <subfield code="c">SERIALS</subfield>
   <subfield code="e">20111102</subfield>
   <subfield code="h">Αλφαβητική σειρά</subfield>
   <subfield code="p">73216</subfield>
   <subfield code="q">73216</subfield>
   <subfield code="t">NOLOAN</subfield>
   <subfield code="v">τεύχ.250:(Μήνες)Σεπ./Οκτ.;(Έτος)2011</subfield>
   <subfield code="y">23</subfield>
  </datafield>
  <datafield tag="852" ind1=" " ind2=" ">
   <subfield code="a">INST</subfield>
   <subfield code="b">UNIPILB</subfield>
   <subfield code="c">SERIALS</subfield>
   <subfield code="e">20111208</subfield>
   <subfield code="h">Αλφαβητική σειρά</subfield>
   <subfield code="p">73835</subfield>
   <subfield code="q">73835</subfield>
   <subfield code="t">NOLOAN</subfield>
   <subfield code="v">τεύχ.251:(Μήνες)Νοέμ./Δεκ.;(Έτος)2011</subfield>
   <subfield code="y">23</subfield>
  </datafield>
  <datafield tag="852" ind1=" " ind2=" ">
   <subfield code="a">INST</subfield>
   <subfield code="b">UNIPILB</subfield>
   <subfield code="c">SERIALS</subfield>
   <subfield code="e">20120307</subfield>
   <subfield code="h">Αλφαβητική σειρά</subfield>
   <subfield code="p">74841</subfield>
   <subfield code="q">74841</subfield>
   <subfield code="t">NOLOAN</subfield>
   <subfield code="v">τεύχ.233:(Μήνες)Νοέμ./Δεκ.;(Έτος)2008</subfield>
   <subfield code="y">23</subfield>
  </datafield>
  <datafield tag="852" ind1=" " ind2=" ">
   <subfield code="a">INST</subfield>
   <subfield code="b">UNIPILB</subfield>
   <subfield code="c">SERIALS</subfield>
   <subfield code="e">20120423</subfield>
   <subfield code="h">Αλφαβητική σειρά</subfield>
   <subfield code="p">75242</subfield>
   <subfield code="q">75242</subfield>
   <subfield code="t">NOLOAN</subfield>
   <subfield code="v">τεύχ.252:(Μήνες)Ιαν.-Φεβ.;(Έτος)2012</subfield>
   <subfield code="y">23</subfield>
  </datafield>
  <datafield tag="852" ind1=" " ind2=" ">
   <subfield code="a">INST</subfield>
   <subfield code="b">UNIPILB</subfield>
   <subfield code="c">SERIALS</subfield>
   <subfield code="e">20121101</subfield>
   <subfield code="h">Αλφαβητική σειρά</subfield>
   <subfield code="p">76999</subfield>
   <subfield code="q">76999</subfield>
   <subfield code="t">NOLOAN</subfield>
   <subfield code="v">τεύχ.255:(Μήνες)Ιούλ./Αύγ.;(Έτος)2012</subfield>
   <subfield code="y">23</subfield>
  </datafield>
  <datafield tag="852" ind1=" " ind2=" ">
   <subfield code="a">INST</subfield>
   <subfield code="b">UNIPILB</subfield>
   <subfield code="c">SERIALS</subfield>
   <subfield code="e">20130108</subfield>
   <subfield code="h">Αλφαβητική σειρά</subfield>
   <subfield code="p">77431</subfield>
   <subfield code="q">77431</subfield>
   <subfield code="t">NOLOAN</subfield>
   <subfield code="v">τεύχ.256:(Μήνες)Σεπτ./Οκτ.;(Έτος)2012</subfield>
   <subfield code="y">23</subfield>
  </datafield>
  <datafield tag="852" ind1=" " ind2=" ">
   <subfield code="a">INST</subfield>
   <subfield code="b">UNIPILB</subfield>
   <subfield code="c">SERIALS</subfield>
   <subfield code="e">20130212</subfield>
   <subfield code="h">Αλφαβητική σειρά</subfield>
   <subfield code="p">77932</subfield>
   <subfield code="q">77932</subfield>
   <subfield code="t">NOLOAN</subfield>
   <subfield code="v">τεύχ.257:(Μήνες)Νοεμ./Δεκ.;(Έτος)2012</subfield>
   <subfield code="y">23</subfield>
  </datafield>
  <datafield tag="852" ind1=" " ind2=" ">
   <subfield code="a">INST</subfield>
   <subfield code="b">UNIPILB</subfield>
   <subfield code="c">SERIALS</subfield>
   <subfield code="e">20130430</subfield>
   <subfield code="h">Αλφαβητική σειρά</subfield>
   <subfield code="p">79428</subfield>
   <subfield code="q">79428</subfield>
   <subfield code="t">NOLOAN</subfield>
   <subfield code="v">τεύχ.258:(Μήνες)Ιαν./Φεβ.;(Έτος)2013</subfield>
   <subfield code="y">23</subfield>
  </datafield>
  <datafield tag="852" ind1=" " ind2=" ">
   <subfield code="a">INST</subfield>
   <subfield code="b">UNIPILB</subfield>
   <subfield code="c">SERIALS</subfield>
   <subfield code="e">20130703</subfield>
   <subfield code="h">Αλφαβητική σειρά</subfield>
   <subfield code="p">80232</subfield>
   <subfield code="q">80232</subfield>
   <subfield code="t">NOLOAN</subfield>
   <subfield code="v">τεύχ.259:(Μήνες)Μάρτ./Απρ.;(Έτος)2013</subfield>
   <subfield code="y">23</subfield>
  </datafield>
  <datafield tag="852" ind1=" " ind2=" ">
   <subfield code="a">INST</subfield>
   <subfield code="b">UNIPILB</subfield>
   <subfield code="c">SERIALS</subfield>
   <subfield code="e">20130829</subfield>
   <subfield code="h">Αλφαβητική σειρά</subfield>
   <subfield code="p">80765</subfield>
   <subfield code="q">80765</subfield>
   <subfield code="t">NOLOAN</subfield>
   <subfield code="v">τεύχ.260:(Μήνες)Μάιος/Ιούν.;(Έτος)2013</subfield>
   <subfield code="y">23</subfield>
  </datafield>
  <datafield tag="852" ind1=" " ind2=" ">
   <subfield code="a">INST</subfield>
   <subfield code="b">UNIPILB</subfield>
   <subfield code="c">SERIALS</subfield>
   <subfield code="e">20131021</subfield>
   <subfield code="h">Αλφαβητική σειρά</subfield>
   <subfield code="p">81088</subfield>
   <subfield code="q">81088</subfield>
   <subfield code="t">NOLOAN</subfield>
   <subfield code="v">τεύχ.261:(Μήνες)Ιούλ./Αύγ.;(Έτος)2012</subfield>
   <subfield code="y">23</subfield>
  </datafield>
  <datafield tag="856" ind1="4" ind2="1">
   <subfield code="u">http://www.acsmi.gr</subfield>
  </datafield>
  <datafield tag="900" ind1=" " ind2=" ">
   <subfield code="a">Τχ. 261 (Ιούνιος 2013)</subfield>
   <subfield code="b">Οφειλόμενο</subfield>
   <subfield code="c">13/06/2017</subfield>
  </datafield>
  <datafield tag="900" ind1=" " ind2=" ">
   <subfield code="a">Τχ. 228 (Ιούνιος 2008)</subfield>
   <subfield code="b">Οφειλόμενο</subfield>
   <subfield code="c">18/09/2008</subfield>
  </datafield>
  <datafield tag="900" ind1=" " ind2=" ">
   <subfield code="a">Τχ. 232 (Νοέμβριος 2008)</subfield>
   <subfield code="b">Οφειλόμενο</subfield>
   <subfield code="c">18/02/2009</subfield>
  </datafield>
  <datafield tag="900" ind1=" " ind2=" ">
   <subfield code="a">Τχ. 242 (Οκτώβριος 2009)</subfield>
   <subfield code="b">Οφειλόμενο</subfield>
   <subfield code="c">19/01/2010</subfield>
  </datafield>
  <datafield tag="900" ind1=" " ind2=" ">
   <subfield code="a">Τχ. 243 (Νοέμβριος 2009)</subfield>
   <subfield code="b">Οφειλόμενο</subfield>
   <subfield code="c">21/02/2010</subfield>
  </datafield>
  <datafield tag="900" ind1=" " ind2=" ">
   <subfield code="a">Τχ. 246 (Ιούλ./Αύγ. 2010)</subfield>
   <subfield code="b">Οφειλόμενο</subfield>
   <subfield code="c">12/01/2011</subfield>
  </datafield>
  <datafield tag="900" ind1=" " ind2=" ">
   <subfield code="a">Τχ. 253 (Φεβρουάριος 2012)</subfield>
   <subfield code="b">Οφειλόμενο</subfield>
   <subfield code="c">21/09/2012</subfield>
  </datafield>
  <datafield tag="900" ind1=" " ind2=" ">
   <subfield code="a">Τχ. 254 (Μάρτιος 2012)</subfield>
   <subfield code="b">Οφειλόμενο</subfield>
   <subfield code="c">01/11/2012</subfield>
  </datafield>
  <datafield tag="950" ind1=" " ind2=" ">
   <subfield code="a">01/01/2004</subfield>
   <subfield code="c">ΔΩΡΕΑ ΠΕΡΙΟΔΙΚΩΝ</subfield>
   <subfield code="d">128</subfield>
  </datafield>
  <datafield tag="951" ind1=" " ind2=" ">
   <subfield code="a">Τχ. 260  (Μάιος/Ιούν. 2013)</subfield>
   <subfield code="b">Main run</subfield>
  </datafield>
  <datafield tag="951" ind1=" " ind2=" ">
   <subfield code="a">Τχ.125(Μάρτ. 1998) -  (τχ.189(Δεκ. 2003)</subfield>
   <subfield code="b">Main run</subfield>
  </datafield>
  <datafield tag="951" ind1=" " ind2=" ">
   <subfield code="a">Τχ. 190 (Ιανουάριος 2004) - Τχ. 195 (Ιούνιος 2004)</subfield>
   <subfield code="b">Main run</subfield>
  </datafield>
  <datafield tag="951" ind1=" " ind2=" ">
   <subfield code="a">Τχ. 196 (Ιούλ./Αύγ. 2004)</subfield>
   <subfield code="b">Main run</subfield>
  </datafield>
  <datafield tag="951" ind1=" " ind2=" ">
   <subfield code="a">Τχ. 197 (Σεπτέμβριος 2004) - Τχ. 206 (Ιούνιος 2005)</subfield>
   <subfield code="b">Main run</subfield>
  </datafield>
  <datafield tag="951" ind1=" " ind2=" ">
   <subfield code="a">Τχ. 207 (Ιούλ./Αύγ. 2005)</subfield>
   <subfield code="b">Main run</subfield>
  </datafield>
  <datafield tag="951" ind1=" " ind2=" ">
   <subfield code="a">Τχ. 208 (Σεπτέμβριος 2005) - Τχ. 217 (Ιούνιος 2006)</subfield>
   <subfield code="b">Main run</subfield>
  </datafield>
  <datafield tag="951" ind1=" " ind2=" ">
   <subfield code="a">Τχ. 218 (Ιούλ./Αύγ. 2006)</subfield>
   <subfield code="b">Main run</subfield>
  </datafield>
  <datafield tag="951" ind1=" " ind2=" ">
   <subfield code="a">Τχ. 219 (Σεπτέμβριος 2006)</subfield>
   <subfield code="b">Main run</subfield>
  </datafield>
  <datafield tag="951" ind1=" " ind2=" ">
   <subfield code="a">Τχ. 220  (Οκτ./Νοέμ. 2006)</subfield>
   <subfield code="b">Main run</subfield>
  </datafield>
  <datafield tag="951" ind1=" " ind2=" ">
   <subfield code="a">Τχ. 221  (Δεκέμβριος 2006)</subfield>
   <subfield code="b">Main run</subfield>
  </datafield>
  <datafield tag="951" ind1=" " ind2=" ">
   <subfield code="a">Τχ. 223  (Μάρ./Απρ. 2007)</subfield>
   <subfield code="b">Main run</subfield>
  </datafield>
  <datafield tag="951" ind1=" " ind2=" ">
   <subfield code="a">Τχ. 224  (Μάϊος/Ιούν. 2007)</subfield>
   <subfield code="b">Main run</subfield>
  </datafield>
  <datafield tag="951" ind1=" " ind2=" ">
   <subfield code="a">Τχ. 226  (Σεπ./Οκτ. 2007)</subfield>
   <subfield code="b">Main run</subfield>
  </datafield>
  <datafield tag="951" ind1=" " ind2=" ">
   <subfield code="a">Τχ. 222  (Ιαν./Φεβ. 2007)</subfield>
   <subfield code="b">Main run</subfield>
  </datafield>
  <datafield tag="951" ind1=" " ind2=" ">
   <subfield code="a">Τχ. 227 (Δεκέμβριος 2007)</subfield>
   <subfield code="b">Main run</subfield>
  </datafield>
  <datafield tag="951" ind1=" " ind2=" ">
   <subfield code="a">Τχ. 228  (Ιαν./Φεβ. 2008)</subfield>
   <subfield code="b">Main run</subfield>
  </datafield>
  <datafield tag="951" ind1=" " ind2=" ">
   <subfield code="a">Τχ. 229  (Μάρ./Απρ. 2008)</subfield>
   <subfield code="b">Main run</subfield>
  </datafield>
  <datafield tag="951" ind1=" " ind2=" ">
   <subfield code="a">Τχ. 230  (Μάϊος/Ιούν. 2008)</subfield>
   <subfield code="b">Main run</subfield>
  </datafield>
  <datafield tag="951" ind1=" " ind2=" ">
   <subfield code="a">Τχ. 231 (Ιούλ./Αύγ. 2008)</subfield>
   <subfield code="b">Main run</subfield>
  </datafield>
  <datafield tag="951" ind1=" " ind2=" ">
   <subfield code="a">Τχ. 232  (Σεπ./Οκτ. 2008)</subfield>
   <subfield code="b">Main run</subfield>
  </datafield>
  <datafield tag="951" ind1=" " ind2=" ">
   <subfield code="a">Τχ. 233  (Νοέμ./Δεκ. 2008)</subfield>
   <subfield code="b">Main run</subfield>
  </datafield>
  <datafield tag="951" ind1=" " ind2=" ">
   <subfield code="a">Τχ. 234  (Ιαν./Φεβ. 2009)</subfield>
   <subfield code="b">Main run</subfield>
  </datafield>
  <datafield tag="951" ind1=" " ind2=" ">
   <subfield code="a">Τχ. 235  (Μάρ./Απρ. 2009)</subfield>
   <subfield code="b">Main run</subfield>
  </datafield>
  <datafield tag="951" ind1=" " ind2=" ">
   <subfield code="a">Τχ. 236  (Μάϊος/Ιούν. 2009)</subfield>
   <subfield code="b">Main run</subfield>
  </datafield>
  <datafield tag="951" ind1=" " ind2=" ">
   <subfield code="a">Τχ. 239  (Μάϊος/Ιούν. 2009)</subfield>
   <subfield code="b">Main run</subfield>
  </datafield>
  <datafield tag="951" ind1=" " ind2=" ">
   <subfield code="a">Τχ. 237 (Ιούλ./Αύγ. 2009)</subfield>
   <subfield code="b">Main run</subfield>
  </datafield>
  <datafield tag="951" ind1=" " ind2=" ">
   <subfield code="a">Τχ. 238  (Σεπ./Οκτ. 2009)</subfield>
   <subfield code="b">Main run</subfield>
  </datafield>
  <datafield tag="951" ind1=" " ind2=" ">
   <subfield code="a">Τχ. 239  (Νοέμ./Δεκ. 2009)</subfield>
   <subfield code="b">Main run</subfield>
  </datafield>
  <datafield tag="951" ind1=" " ind2=" ">
   <subfield code="a">Τχ. 240  (Ιαν./Φεβ. 2010)</subfield>
   <subfield code="b">Main run</subfield>
  </datafield>
  <datafield tag="951" ind1=" " ind2=" ">
   <subfield code="a">Τχ. 241  (Μάρ./Απρ. 2010)</subfield>
   <subfield code="b">Main run</subfield>
  </datafield>
  <datafield tag="951" ind1=" " ind2=" ">
   <subfield code="a">Τχ. 242  (Μάϊος/Ιούν. 2010)</subfield>
   <subfield code="b">Main run</subfield>
  </datafield>
  <datafield tag="951" ind1=" " ind2=" ">
   <subfield code="a">Τχ. 243  (Ιούλ./Αύγ. 2010)</subfield>
   <subfield code="b">Main run</subfield>
  </datafield>
  <datafield tag="951" ind1=" " ind2=" ">
   <subfield code="a">Τχ. 244  (Σεπ./Οκτ. 2010)</subfield>
   <subfield code="b">Main run</subfield>
  </datafield>
  <datafield tag="951" ind1=" " ind2=" ">
   <subfield code="a">Τχ. 245  (Νοέμ./Δεκ. 2010)</subfield>
   <subfield code="b">Main run</subfield>
  </datafield>
  <datafield tag="951" ind1=" " ind2=" ">
   <subfield code="a">Τχ. 247  (Μάρ./Απρ. 2011)</subfield>
   <subfield code="b">Main run</subfield>
  </datafield>
  <datafield tag="951" ind1=" " ind2=" ">
   <subfield code="a">Τχ. 248  (Μάϊος/Ιούν. 2011)</subfield>
   <subfield code="b">Main run</subfield>
  </datafield>
  <datafield tag="951" ind1=" " ind2=" ">
   <subfield code="a">Τχ. 249  (Ιούλ./Αύγ. 2011)</subfield>
   <subfield code="b">Main run</subfield>
  </datafield>
  <datafield tag="951" ind1=" " ind2=" ">
   <subfield code="a">Τχ. 250  (Σεπ./Οκτ. 2011)</subfield>
   <subfield code="b">Main run</subfield>
  </datafield>
  <datafield tag="951" ind1=" " ind2=" ">
   <subfield code="a">Τχ. 251  (Νοέμ./Δεκ. 2011)</subfield>
   <subfield code="b">Main run</subfield>
  </datafield>
  <datafield tag="951" ind1=" " ind2=" ">
   <subfield code="a">Τχ. 252  (Ιαν.-Φεβ. 2012)</subfield>
   <subfield code="b">Main run</subfield>
  </datafield>
  <datafield tag="951" ind1=" " ind2=" ">
   <subfield code="a">Τχ. 255  (Ιούλ./Αύγ. 2012)</subfield>
   <subfield code="b">Main run</subfield>
  </datafield>
  <datafield tag="951" ind1=" " ind2=" ">
   <subfield code="a">Τχ. 261 (Ιούλ./Αύγ. 2012)</subfield>
   <subfield code="b">Main run</subfield>
  </datafield>
  <datafield tag="951" ind1=" " ind2=" ">
   <subfield code="a">Τχ. 256  (Σεπτ./Οκτ. 2012)</subfield>
   <subfield code="b">Main run</subfield>
  </datafield>
  <datafield tag="951" ind1=" " ind2=" ">
   <subfield code="a">Τχ. 257  (Νοεμ./Δεκ. 2012)</subfield>
   <subfield code="b">Main run</subfield>
  </datafield>
  <datafield tag="951" ind1=" " ind2=" ">
   <subfield code="a">Τχ. 258  (Ιαν./Φεβ. 2013)</subfield>
   <subfield code="b">Main run</subfield>
  </datafield>
  <datafield tag="951" ind1=" " ind2=" ">
   <subfield code="a">Τχ. 259  (Μάρτ./Απρ. 2013)</subfield>
   <subfield code="b">Main run</subfield>
  </datafield>
  <datafield tag="952" ind1=" " ind2=" ">
   <subfield code="a">(142,143)1999,(146,147,153)2000, (173)2002, (183)2003</subfield>
  </datafield>
 </record>
</collection>
